[Event "Pyrgos Spilios Dimitris op 1st"]
[Site "Pyrgos"]
[Date "2006.08.18"]
[Round "1"]
[White "Volfson, Michail"]
[Black "Dikaios, Giorgos"]
[Result "1-0"]
[WhiteElo "1845"]
[BlackElo "1010"]
[PlyCount "95"]
[EventDate "2006.08.18"]
[EventType "swiss"]
[EventRounds "6"]
[EventCountry "GRE"]
[SourceTitle "EXT 2024"]
[Source "ChessBase"]
[SourceDate "2023.10.10"]
[SourceVersion "1"]
[SourceVersionDate "2023.10.10"]
[SourceQuality "1"]

1. e4 c5 2. Nf3 d6 3. d4 cxd4 4. Nxd4 Nf6 5. Nc3 g6 6. f3 Bg7 7. Be3 0-0 8. Qd2 Nc6 9. Bc4 Bd7 10. 0-0-0 Rc8 11. Bb3 Ne5 12. Bh6 Bxh6 13. Qxh6 Rxc3 14. bxc3 Qa5 15. Kb2 Rc8 16. Qd2 Ba4 17. c4 Nxc4+ 18. Bxc4 Qxd2 19. Rxd2 Rxc4 20. Nb3 b6 21. Rhd1 Bd7 22. Rd4 Rc6 23. R1d3 Ne8 24. e5 Bf5 25. Rc3 Rxc3 26. Kxc3 dxe5 27. Rd8 Kf8 28. Ra8 e4 29. Rxa7 e3 30. Nd4 e5 31. Nxf5 gxf5 32. Kd3 f4 33. Rb7 f5 34. Rxb6 Kg7 35. a4 Nf6 36. Rxf6 Kxf6 37. a5 h5 38. a6 e4+ 39. Ke2 h4 40. a7 h3 41. gxh3 exf3+ 42. Kxf3 Kg5 43. a8Q e2 44. Kxe2 Kh4 45. Qg8 Kh5 46. Kf3 Kh4 47. Kxf4 Kxh3 48. Qg3# 1-0